Międzynarodowe jednostki miar - Statystyki

Ogólne statystyki
  • Ten quiz został rozwiązany 56 razy
  • Średni wynik to 23 z 49
Statystyki odpowiedzi
Abbrev. Unit or Prefix % Poprawnych
k Kilo
100%
kg Kilogram
100%
m Metr
94%
s Sekunda
90%
mol Mol
81%
Hz Herc
79%
A Amper
73%
Ω Om
73%
°C stopień Celsjusza
73%
Pa Paskal
71%
J Dżul
69%
G Giga
67%
M Mega
67%
N Niuton
67%
W Wat
67%
V Wolt
67%
m Mili
65%
c Centy
63%
d Decy
63%
K Kelwin
63%
T Tera
58%
da Deka
56%
n Nano
56%
h Hekto
54%
rad Radian
54%
µ Mikro
50%
C Kulomb
42%
F Farad
40%
cd Kandela
35%
p Piko
35%
P Peta
31%
Sv Siwert
29%
Bq Bekerel
27%
lx Luks
27%
T Tesla
27%
Wb Weber
27%
E Eksa
23%
lm Lumen
23%
sr Steradian
23%
Z Zetta
23%
H Henr
19%
f Femto
17%
Gy Grej
17%
a Atto
13%
Y Jotta
13%
S Siemens
10%
y Jokto
8%
z Zepto
8%
kat Katal
6%
Nie znaleziono quizów pasujących do podanych kryteriów
Rozkład punktacji
Procent ludzi z każdym wynikiem
Percentyl według liczby udzielonych odpowiedzi
Twoja historia wyników
Nie rozwiązałeś tego quizu